| 000 | 00665nam a2200229 i 4500 | ||
|---|---|---|---|
| 001 | bg | ||
| 100 | 1 | _aPASEK, Joanna | |
| 245 | 1 | 0 |
_aPhotoshop 4 w praktyce / _cJoanna Pasek. |
| 260 |
_aGliwice : _b"Helion", _ccop. 1998. |
||
| 300 |
_a360 s., [8] s. tabl. kolor. : _bfot., rys. ; _c24 cm. |
||
| 504 | _aIndeks. | ||
| 650 | 9 | _aPhotoshop | |
| 655 | _aPodręczniki | ||
| 020 | _a8386718242 | ||
| 040 | _cBPK | ||
| 041 | 0 | _apl | |
| 080 | _a004.42:004.92](07) | ||
| 920 | _a83-86718-24-2 | ||
| 942 | _cKS | ||
| 008 | s pl f |000 0 pol | ||
| 856 |
_uhttp://koha.tu.koszalin.pl/cgi-bin/koha/opac-detail.pl?biblionumber=33419 _yKatalog online BPK |
||
| 999 |
_c33419 _d33419 |
||